INTRODUCTION TO PSYCHOLOGY (Record no. 1431)

MARC details
000 -LEADER
fixed length control field 00337nam a2200157Ia 4500
003 - CONTROL NUMBER IDENTIFIER
control field SGT
082 ## - DEWEY DECIMAL CLASSIFICATION NUMBER
Classification number 150
Item number I12M
100 ## - MAIN ENTRY--PERSONAL NAME
Personal name MORGAN ,CLIFFOR T.
245 ## - TITLE STATEMENT
Title INTRODUCTION TO PSYCHOLOGY
250 ## - EDITION STATEMENT
Edition statement 7TH
260 ## - PUBLICATION, DISTRIBUTION, ETC. (IMPRINT)
Name of publisher, distributor, etc MC GRAW HILL
Place of publication, distribution, etc INDIA
Year of Publication 2012
300 ## - PAGE DESCRIPTION
No. of Pages 1-724
650 ## - SUBJECT ADDED ENTRY--TOPICAL TERM
Topical term or geographic name as entry element PSYCHOLOGY
942 ## - ADDED ENTRY ELEMENTS (KOHA)
Source of classification or shelving scheme Dewey Decimal Classification
Koha item type Books
Holdings
Withdrawn status Lost status Source of classification or shelving scheme Damaged status Not for loan Collection code Home library Current library Shelving location Date acquired Vendor Name Cost, normal purchase price SGTU Bill Number Total Checkouts Full call number Accession No. (Barcode) Date last seen Date last borrowed Bill Date Koha item type Total Renewals Checked out
    Dewey Decimal Classification     MEDICAL SGT Engineering Library SGT Engineering Library Text Book 24/01/2013 ABC DELHI 575.00 SGTU 3109 47 150 I12M FM5179 19/02/2026 04/02/2026 02/02/2013 Books 3  
    Dewey Decimal Classification     MEDICAL SGT Medical Library SGT Medical Library Text Book 24/01/2013 ABC DELHI 575.00 SGTU 3109 25 150 I12M FM5176 06/04/2026 26/03/2026 02/02/2013 Books    
    Dewey Decimal Classification     MEDICAL SGT Medical Library SGT Medical Library Text Book 24/01/2013 ABC DELHI 575.00 SGTU 3109 3 150 I12M FM5177 09/02/2017 28/01/2017 02/02/2013 Books    
    Dewey Decimal Classification     MEDICAL SGT Medical Library SGT Medical Library Text Book 24/01/2013 ABC DELHI 575.00 SGTU 3109 4 150 I12M FM5178 10/04/2017 08/04/2017 02/02/2013 Books    
  Long Overdue (Lost) Dewey Decimal Classification     MEDICAL SGT Medical Library SGT Medical Library Text Book 24/01/2013 ABC DELHI 575.00 SGTU 3109 11 150 I12M FM5180 13/09/2018 13/09/2018 02/02/2013 Books   27/09/2018